Intellectual Property Rights (Record no. 19969)

MARC details
000 -LEADER
fixed length control field 00293nam a22001217a 4500
008 - FIXED-LENGTH DATA ELEMENTS--GENERAL INFORMATION
fixed length control field 230503b |||||||| |||| 00| 0 eng d
100 ## - MAIN ENTRY--AUTHOR NAME
Personal name M. K. Bhandari
245 ## - TITLE STATEMENT
Title Intellectual Property Rights
260 ## - PUBLICATION, DISTRIBUTION, ETC. (IMPRINT)
Place of publication Allahabad
Name of publisher CLP Pub
Year of publication 2006
300 ## - PHYSICAL DESCRIPTION
Number of Pages 292
546 ## - LANGUAGE NOTE
Language note English
942 ## - ADDED ENTRY ELEMENTS (KOHA)
Source of classification or shelving scheme Dewey Decimal Classification
Koha item type Books
Holdings
Accession Number Cost, normal purchase price Source of acquisition Price effective from Koha item type Withdrawn / writtenoff status Damaged status Not for loan Permanent Location Current Location Shelving location Date acquired Lost/ Missing status department
LLB 466 150.00 Donated By Mr. Karan Pandoh Assistant Prof. MIET SOL 05/03/2023 Books       MIET Library, Jammu MIET Library, Jammu 186/4 04/24/2023   BBA LLB